[Event "49th Biel Master Open"]
[Site "Biel SUI"]
[Date "2016.08.01"]
[Round "7.19"]
[White "Das, Arghyadip"]
[Black "Baron, Tal"]
[Result "0-1"]
[WhiteTitle "IM"]
[BlackTitle "GM"]
[WhiteElo "2457"]
[BlackElo "2557"]
[WhiteFideId "5003610"]
[BlackFideId "2809958"]
[EventDate "2016.07.25"]

1. e4 e6 2. d4 d5 3. Nd2 Be7 4. Ngf3 Nf6 5. e5 Nfd7 6. Bd3 c5 7. c3 Nc6 8. O-O
a5 9. a4 Qb6 10. Nb1 cxd4 11. cxd4 Nxd4 12. Nxd4 Qxd4 13. Nc3 Qxe5 14. Re1 Qc7
15. Nb5 Qb8 16. Qg4 O-O 17. Bf4 e5 18. Bf5 Bf6 19. Bxd7 exf4 20. Rad1 Bxd7 21.
Qxd7 Rd8 22. Qf5 d4 23. Re4 d3 24. Kf1 Ra6 25. Rxf4 g6 26. Qe4 Re6 27. Qf3 Bg5
28. Rxf7 Qxh2 29. g3 Rde8 0-1

[Event "49th Biel Master Open"]
[Site "Biel SUI"]
[Date "2016.08.01"]
[Round "7.20"]
[White "Galdunts, Sergey"]
[Black "Shyam, Sundar M."]
[Result "0-1"]
[WhiteTitle "GM"]
[BlackTitle "GM"]
[WhiteElo "2415"]
[BlackElo "2526"]
[WhiteFideId "13300067"]
[BlackFideId "5019141"]
[EventDate "2016.07.25"]

1. e4 c5 2. Nf3 d6 3. d4 cxd4 4. Qxd4 Nf6 5. Bb5+ Bd7 6. c4 g6 7. Nc3 Bg7 8. O-O
O-O 9. h3 a6 10. Bxd7 Nfxd7 11. Qd3 Nc6 12. Bd2 Rc8 13. Qe2 Nde5 14. Nxe5 Nd4
15. Qd3 dxe5 16. Rac1 e6 17. Rfd1 Qh4 18. b3 f5 19. Qg3 Qxg3 20. fxg3 Rfd8 21.
Be3 Bf8 22. Kf2 Ba3 23. Rb1 b5 24. Ne2 bxc4 25. bxc4 Rxc4 26. Rd3 Bc5 27. Rc1
Rxc1 28. Nxc1 fxe4 29. Rc3 Bb6 30. a4 Ba5 31. Rc5 Rf8+ 32. Kg1 Nf5 33. Bf2 Bb4
34. Rc4 Bd2 35. g4 Nd4 0-1

[Event "49th Biel Master Open"]
[Site "Biel SUI"]
[Date "2016.08.01"]
[Round "7.21"]
[White "Vernay, Clovis"]
[Black "Baskin, Robert"]
[Result "1/2-1/2"]
[WhiteTitle "IM"]
[BlackTitle "FM"]
[WhiteElo "2507"]
[BlackElo "2375"]
[WhiteFideId "633046"]
[BlackFideId "24662402"]
[EventDate "2016.07.25"]

1. d4 Nf6 2. c4 g6 3. Nc3 d5 4. cxd5 Nxd5 5. e4 Nxc3 6. bxc3 Bg7 7. Bc4 c5 8.
Ne2 O-O 9. O-O Nc6 10. Be3 Bg4 11. f3 Bd7 12. Rb1 Qc7 13. Bf4 Qc8 14. d5 Ne5 15.
Bxe5 Bxe5 16. Qb3 Rb8 17. Bb5 c4 18. Qxc4 Qxc4 19. Bxc4 Rfc8 20. Bb5 Bxb5 21.
Rxb5 Bxc3 22. Rfb1 b6 23. Kf2 Bg7 24. Ke3 Rc2 25. Ra5 Rc7 26. Ra6 f5 27. Rc1
Rxc1 28. Nxc1 fxe4 29. Kxe4 Rc8 30. Ne2 Rc5 31. Ke3 Rc8 32. Ke4 Rc4+ 33. Kd3 Rc5
34. Ke4 Rc4+ 1/2-1/2

[Event "49th Biel Master Open"]
[Site "Biel SUI"]
[Date "2016.08.02"]
[Round "8.2"]
[White "Kunin, Vitaly"]
[Black "Safarli, Eltaj"]
[Result "0-1"]
[WhiteTitle "GM"]
[BlackTitle "GM"]
[WhiteElo "2592"]
[BlackElo "2678"]
[WhiteFideId "4128737"]
[BlackFideId "13402129"]
[EventDate "2016.07.25"]

1. d4 Nf6 2. Nf3 e6 3. g3 d5 4. Bg2 Be7 5. O-O O-O 6. Nbd2 c5 7. dxc5 Bxc5 8. c4
Nc6 9. cxd5 exd5 10. Nb3 Bb6 11. Nbd4 Re8 12. b3 Bg4 13. Bb2 Rc8 14. Nxc6 bxc6
15. Ne5 Bh5 16. Bf3 Bxf3 17. exf3 Nd7 18. f4 Nxe5 19. fxe5 d4 20. Re1 Qd5 21.
Qg4 Rcd8 22. Qe4 Qxe4 23. Rxe4 f5 24. Ree1 Rd5 25. Kf1 Rexe5 26. Rxe5 Rxe5 27.
Rc1 Re6 28. Re1 Kf7 29. Rxe6 Kxe6 30. f3 g5 31. Ke2 g4 32. fxg4 fxg4 33. Kd3 Kd5
34. Bc1 Bd8 35. Bd2 c5 36. Be1 Bg5 37. Bf2 h5 38. Bg1 h4 39. Bf2 hxg3 40. hxg3
Bd8 41. Be1 Bc7 42. a3 a6 43. a4 Bd6 44. Bf2 Be5 45. Be1 Bc7 46. Bf2 Ba5 47. Bg1
Be1 48. Bh2 Bf2 49. Ke2 Be3 50. Kd3 a5 0-1

[Event "49th Biel Master Open"]
[Site "Biel SUI"]
[Date "2016.08.02"]
[Round "8.3"]
[White "Henrichs, Thomas"]
[Black "Salem, A.R. Saleh"]
[Result "1/2-1/2"]
[WhiteTitle "IM"]
[BlackTitle "GM"]
[WhiteElo "2471"]
[BlackElo "2608"]
[WhiteFideId "4626605"]
[BlackFideId "9301348"]
[EventDate "2016.07.25"]

1. Nf3 c5 2. c4 Nf6 3. g3 Nc6 4. Bg2 d5 5. cxd5 Nxd5 6. Nc3 g6 7. O-O Bg7 8.
Nxd5 Qxd5 9. d3 O-O 10. Be3 Bxb2 11. Rb1 Bf6 12. Nd4 Qxa2 13. Ra1 Qb2 14. Rb1
Qa2 15. Ra1 Qb2 16. Rb1 Qa3 17. Nxc6 bxc6 18. Bxc6 Bh3 19. Bxa8 Bxf1 20. Bb7 Bh3
21. Qc2 Bd4 22. Bg5 Qa5 23. Bd5 e6 24. Bf3 h5 25. Bd2 Qa3 26. Bc6 Qa6 27. Be4
Bf5 28. Bxf5 exf5 29. e3 Bg7 30. Bc3 Bxc3 31. Qxc3 Rd8 32. Rb3 Qc6 33. h4 Qd5
34. Ra3 Rb8 35. Qa1 c4 36. e4 fxe4 37. dxc4 Qxc4 38. Rxa7 e3 39. Ra8 exf2+ 40.
Kxf2 Qc5+ 41. Kf1 Qb5+ 42. Kg1 Qb6+ 43. Kh2 Qf2+ 44. Kh3 Rxa8 45. Qxa8+ Kg7 46.
Qa1+ Kh7 47. Qc1 Qe2 48. Qf4 Kg8 49. Qd4 Kf8 50. Qd8+ Kg7 51. Qd4+ f6 52. Qa7+
Kg8 53. Qb8+ Kf7 54. Qb7+ Qe7 55. Qf3 Qb4 56. Kg2 Qc4 57. Qe3 Qa2+ 58. Kg1 Qb2
59. Qd3 Qb6+ 60. Kg2 Qc6+ 61. Kg1 f5 62. Kf2 Qc5+ 63. Kf3 Ke6 64. Qa6+ Qd6 65.
Qxd6+ Kxd6 66. Kf4 Ke6 67. Kf3 Kf7 68. Ke3 Ke7 69. Kf3 Ke6 70. Kf4 Kf6 71. Kf3
g5 72. hxg5+ Kxg5 73. Kf2 h4 74. gxh4+ Kxh4 75. Kf3 Kg5 76. Kg3 f4+ 77. Kf3 Kf5
78. Kf2 Ke4 79. Ke2 f3+ 1/2-1/2

[Event "49th Biel Master Open"]
[Site "Biel SUI"]
[Date "2016.08.02"]
[Round "8.4"]
[White "Vitiugov, Nikita"]
[Black "Brkic, Ante"]
[Result "1/2-1/2"]
[WhiteTitle "GM"]
[BlackTitle "GM"]
[WhiteElo "2728"]
[BlackElo "2585"]
[WhiteFideId "4152956"]
[BlackFideId "14506688"]
[EventDate "2016.07.25"]

1. d4 Nf6 2. c4 e6 3. g3 d5 4. Bg2 Be7 5. Nf3 O-O 6. O-O dxc4 7. Qc2 b6 8. Bg5
Ba6 9. Rd1 Nd5 10. Bxe7 Qxe7 11. Ne5 Rc8 12. Nc3 c6 13. Ne4 Nd7 14. Nxc4 c5 15.
dxc5 Nxc5 16. Ned6 Rc7 17. e4 Nb7 18. Qa4 Nxd6 19. Nxd6 Qxd6 20. exd5 Bb7 21.
dxe6 Qxe6 22. Re1 Qd7 23. Qxd7 Rxd7 24. Rad1 Rc7 25. Rc1 Rxc1 26. Rxc1 Rc8 27.
Rd1 Bxg2 28. Kxg2 Kf8 29. Rd7 Rc2 30. Rxa7 Rxb2 1/2-1/2

[Event "49th Biel Master Open"]
[Site "Biel SUI"]
[Date "2016.08.02"]
[Round "8.5"]
[White "Meier, Georg"]
[Black "Baklan, Vladimir"]
[Result "1/2-1/2"]
[WhiteTitle "GM"]
[BlackTitle "GM"]
[WhiteElo "2657"]
[BlackElo "2618"]
[WhiteFideId "4675789"]
[BlackFideId "14102196"]
[EventDate "2016.07.25"]

1. g3 e5 2. c4 Nf6 3. Bg2 c6 4. Nf3 e4 5. Nd4 Qb6 6. Nb3 a5 7. d3 a4 8. N3d2 Bc5
9. e3 exd3 10. Nc3 Qa6 11. b3 a3 12. Nde4 Be7 13. Bd2 O-O 14. c5 b6 15. b4 bxc5
16. Nxc5 Qa7 17. Nxd3 Ba6 18. b5 cxb5 19. Nf4 Bb7 20. Nxb5 Qb6 21. Rb1 Bxg2 22.
Nxg2 Qe6 23. Rb3 Na6 24. Nf4 Qc4 25. Qe2 Rfc8 26. Nd4 Ne4 27. Qxc4 Rxc4 28. Nd5
Bc5 29. Nb6 Bxb6 30. Rxb6 Nac5 31. f3 Nc3 32. Bxc3 Rxc3 33. Kd2 Rd3+ 34. Ke2 Re8
35. Nc2 Rc3 36. Kd2 Rd3+ 37. Ke2 Rc3 38. Kd2 Rd3+ 1/2-1/2

[Event "49th Biel Master Open"]
[Site "Biel SUI"]
[Date "2016.08.02"]
[Round "8.6"]
[White "Edouard, Romain"]
[Black "Erdos, Viktor"]
[Result "1/2-1/2"]
[WhiteTitle "GM"]
[BlackTitle "GM"]
[WhiteElo "2639"]
[BlackElo "2578"]
[WhiteFideId "633429"]
[BlackFideId "719978"]
[EventDate "2016.07.25"]

1. c4 e6 2. Nf3 d5 3. d4 Nf6 4. Nc3 Nbd7 5. Qc2 Be7 6. cxd5 exd5 7. Bf4 c6 8. h3
Nf8 9. e3 Ne6 10. Bh2 g6 11. Ne5 Nd7 12. O-O-O Nxe5 13. Bxe5 Bf6 14. Kb1 Bxe5
15. dxe5 Qe7 16. f4 Nc7 17. e4 Be6 18. exd5 Nxd5 19. Nxd5 Bxd5 20. Bc4 Bxc4 21.
Qxc4 Rd8 22. Rxd8+ Kxd8 23. Qd4+ Kc7 24. Qxa7 Qb4 25. Rd1 Qxf4 26. Ka1 1/2-1/2

[Event "49th Biel Master Open"]
[Site "Biel SUI"]
[Date "2016.08.02"]
[Round "8.7"]
[White "Sasikiran, Krishnan"]
[Black "Al-Sayed, Mohammed"]
[Result "1-0"]
[WhiteTitle "GM"]
[BlackTitle "GM"]
[WhiteElo "2639"]
[BlackElo "2524"]
[WhiteFideId "5004985"]
[BlackFideId "12100196"]
[EventDate "2016.07.25"]

1. d4 d5 2. c4 c6 3. Nf3 Nf6 4. Nc3 e6 5. Bg5 h6 6. Bh4 dxc4 7. e4 g5 8. Bg3 b5
9. Be2 Bb7 10. Qc2 Nbd7 11. Nd2 h5 12. h4 g4 13. Rd1 Be7 14. Nf1 Qa5 15. Ne3 Nb6
16. O-O b4 17. e5 bxc3 18. exf6 Bxf6 19. bxc3 c5 20. Nxc4 Nxc4 21. Bxc4 cxd4 22.
cxd4 O-O 23. d5 Rac8 24. dxe6 Qc5 25. e7 Qxe7 26. Rfe1 1-0

[Event "49th Biel Master Open"]
[Site "Biel SUI"]
[Date "2016.08.02"]
[Round "8.8"]
[White "Khairullin, Ildar"]
[Black "Aravindh, Chithambaram VR."]
[Result "1/2-1/2"]
[WhiteTitle "GM"]
[BlackTitle "GM"]
[WhiteElo "2629"]
[BlackElo "2543"]
[WhiteFideId "4151348"]
[BlackFideId "5072786"]
[EventDate "2016.07.25"]

1. e4 c5 2. Nf3 Nc6 3. d4 cxd4 4. Nxd4 Nf6 5. Nc3 e5 6. Ndb5 d6 7. Bg5 a6 8. Na3
b5 9. Bxf6 gxf6 10. Nd5 f5 11. Bd3 Be6 12. c3 Bg7 13. Nxb5 axb5 14. Bxb5 Bd7 15.
exf5 O-O 16. a4 e4 17. O-O Re8 18. Re1 Re5 19. Ne3 Ne7 20. Bxd7 Qxd7 21. Nc4
Rxf5 22. Qxd6 Qa7 23. Qb6 Qxb6 24. Nxb6 Ra6 25. Nc4 Rd5 1/2-1/2

[Event "49th Biel Master Open"]
[Site "Biel SUI"]
[Date "2016.08.02"]
[Round "8.9"]
[White "Baron, Tal"]
[Black "Rodshtein, Maxim"]
[Result "1/2-1/2"]
[WhiteTitle "GM"]
[BlackTitle "GM"]
[WhiteElo "2557"]
[BlackElo "2698"]
[WhiteFideId "2809958"]
[BlackFideId "2806851"]
[EventDate "2016.07.25"]

1. d4 d5 2. Nf3 Nf6 3. Bf4 e6 4. e3 Bd6 5. Nbd2 Bxf4 6. exf4 b6 7. Bd3 c5 8. c3
O-O 9. O-O Ba6 10. Bxa6 Nxa6 11. Ne5 Nc7 12. Qf3 Nb5 13. dxc5 bxc5 14. f5 exf5
15. Qxf5 Nd6 16. Qf4 Qb6 17. b3 Nb5 18. Rac1 Rae8 19. a4 Nd6 20. Rfe1 Nde4 21.
Nxe4 dxe4 22. Nc4 Qxb3 23. Nd6 Re6 24. Nxe4 Nd5 25. Qd2 Qc4 26. f3 h6 27. Red1
Re5 28. a5 Rb8 29. Rb1 Rxb1 30. Rxb1 f5 31. Nd6 Qxc3 32. Qxc3 Nxc3 33. Rb8+ Kh7
34. Rb7 a6 35. Rb6 f4 36. Kf1 c4 37. Rxa6 Re6 38. Rb6 Nd5 39. Rc6 Ne3+ 40. Kf2
Nd1+ 41. Kf1 Ne3+ 42. Kf2 Nd5 43. Rxc4 Rxd6 44. Rd4 Rd7 45. a6 Nf6 46. Rxd7 Nxd7
47. a7 Nb6 48. Ke2 Kg6 49. Kd3 Kf5 50. Kd4 g5 51. Kc5 Na8 52. Kd5 Kf6 53. Kd6
Kf7 1/2-1/2

[Event "49th Biel Master Open"]
[Site "Biel SUI"]
[Date "2016.08.02"]
[Round "8.10"]
[White "Saric, Ivan"]
[Black "Horvath, Adam1"]
[Result "1-0"]
[WhiteTitle "GM"]
[BlackTitle "GM"]
[WhiteElo "2660"]
[BlackElo "2498"]
[WhiteFideId "14508150"]
[BlackFideId "708003"]
[EventDate "2016.07.25"]

1. e4 c5 2. Nf3 Nc6 3. d4 cxd4 4. Nxd4 Nf6 5. Nc3 g6 6. Be3 Bg7 7. Bc4 O-O 8.
Bb3 Re8 9. f3 e6 10. f4 Ng4 11. Qxg4 Nxd4 12. O-O-O Nxb3+ 13. axb3 d5 14. e5 Bd7
15. h4 Qa5 16. h5 Rac8 17. Bd4 b5 18. hxg6 hxg6 19. Nxd5 Bc6 20. Bc3 Qa1+ 21.
Kd2 Qa6 22. Qh4 Bxd5 23. Qh7+ Kf8 24. Bb4+ Re7 25. Bxe7+ Kxe7 26. Qxg7 Qa5+ 27.
c3 Qa2 28. Ke3 Qxb3 29. Qf6+ Kd7 30. Qxf7+ 1-0

[Event "49th Biel Master Open"]
[Site "Biel SUI"]
[Date "2016.08.02"]
[Round "8.11"]
[White "Sethuraman, S.P."]
[Black "Kovchan, Alexander"]
[Result "0-1"]
[WhiteTitle "GM"]
[BlackTitle "GM"]
[WhiteElo "2656"]
[BlackElo "2576"]
[WhiteFideId "5021596"]
[BlackFideId "14103052"]
[EventDate "2016.07.25"]

1. d4 Nf6 2. c4 g6 3. f3 d5 4. cxd5 Nxd5 5. e4 Nb6 6. Nc3 Bg7 7. Be3 Nc6 8. d5
Ne5 9. f4 Ng4 10. Bb5+ Bd7 11. Bxd7+ Qxd7 12. Bd4 Bxd4 13. Qxd4 O-O 14. h3 Nf6
15. Nge2 c6 16. a4 Rad8 17. a5 Nc8 18. Rd1 Qc7 19. b4 b6 20. a6 c5 21. bxc5 bxc5
22. Qa4 Nb6 23. Qa2 e6 24. d6 Rxd6 25. Rxd6 Qxd6 26. e5 Qc6 27. exf6 Qxg2 28.
Rg1 Qxh3 29. Ng3 Qh4 30. Ne4 Rd8 31. Qf2 Rd4 32. Qf3 Qh2 33. Rg2 Qh4 34. Rg1 Qh2
35. Rg2 Qh4 36. Rd2 Nd5 37. Rxd4 cxd4 38. Kd2 d3 39. Kxd3 Nxf4+ 40. Kd4 Nd5 41.
Ke5 Qh6 42. Ne2 Qf8 43. Qb3 Qd8 44. Qb7 g5 45. Qc6 h6 46. N2c3 Ne3 47. Nf2 Nf5
48. Nb5 Qb8+ 49. Ke4 Qxb5 50. Qxb5 Nd6+ 51. Ke5 Nxb5 52. Nd3 Nc7 53. Nb4 g4 54.
Nc6 g3 0-1

[Event "49th Biel Master Open"]
[Site "Biel SUI"]
[Date "2016.08.02"]
[Round "8.12"]
[White "Shyam, Sundar M."]
[Black "Bachmann, Axel"]
[Result "0-1"]
[WhiteTitle "GM"]
[BlackTitle "GM"]
[WhiteElo "2526"]
[BlackElo "2649"]
[WhiteFideId "5019141"]
[BlackFideId "3700488"]
[EventDate "2016.07.25"]

1. e4 e5 2. Nf3 Nc6 3. Nc3 Nf6 4. Bb5 Bb4 5. O-O O-O 6. d3 d6 7. Bg5 Bxc3 8.
bxc3 Qe7 9. Re1 Nd8 10. d4 Ne6 11. Bd2 c5 12. Bf1 Nc7 13. h3 b6 14. d5 Nfe8 15.
c4 f5 16. exf5 Bxf5 17. g4 Bg6 18. Bg2 h6 19. a4 Rb8 20. Ra3 a6 21. Bc3 Qf7 22.
Re2 b5 23. axb5 axb5 24. Bxe5 bxc4 25. Bg3 Nb5 26. Rae3 Nec7 27. Nh4 Bh7 28. Kh2
Qf6 29. f4 Qd4 30. Qe1 Nxd5 31. Re8 Rbxe8 32. Rxe8 Nbc7 33. Rxf8+ Kxf8 34. f5
Ne3 35. Qa5 Ne8 36. c3 Qd2 37. Qa1 h5 38. gxh5 Bxf5 39. Qe1 Qxe1 40. Bxe1 Nxg2
41. Nxg2 Kf7 42. Ne3 Bd3 43. Ng4 Nc7 44. Kg3 Nb5 45. Kf4 Ke6 46. h6 gxh6 47.
Nxh6 d5 48. Ng4 d4 49. cxd4 cxd4 50. Ne5 Bf1 51. h4 c3 52. Nf3 Kd5 53. h5 Bd3
54. Ne5 Bb1 55. Ng6 Nd6 56. Kf3 Be4+ 57. Kf2 Nf5 58. Nf4+ Kc4 59. Ne6 d3 60. Ng5
Bd5 61. Nh3 d2 62. Bxd2 cxd2 63. Ke2 Kc3 0-1

[Event "49th Biel Master Open"]
[Site "Biel SUI"]
[Date "2016.08.02"]
[Round "8.13"]
[White "Bartel, Mateusz"]
[Black "Tabatabaei, M.amin"]
[Result "0-1"]
[WhiteTitle "GM"]
[BlackTitle "IM"]
[WhiteElo "2649"]
[BlackElo "2481"]
[WhiteFideId "1112635"]
[BlackFideId "12521213"]
[EventDate "2016.07.25"]

1. e4 c6 2. d4 d5 3. e5 Bf5 4. Nf3 e6 5. Be2 Nd7 6. O-O h6 7. a4 a6 8. a5 g5 9.
Nbd2 c5 10. dxc5 Ne7 11. c4 Nxc5 12. Nb3 Nd7 13. cxd5 Nxd5 14. Nfd4 Bg6 15. Bh5
Nxe5 16. Re1 Nf6 17. Bxg6 Nxg6 18. Qc2 Ne7 19. Bd2 Bg7 20. Bb4 O-O 21. Rad1 Nfd5
22. Nxe6 fxe6 23. Bxe7 Rc8 24. Bc5 Qf6 25. Qe4 Rfe8 26. h4 Qf4 27. Qg6 Qf6 28.
Qh5 Qf7 29. Qg4 Qf4 30. Qe2 Qxh4 31. Bd4 Nf4 32. Qf3 e5 33. g3 Qh5 34. Qxh5 Nxh5
35. Bb6 e4 36. Re2 Nf6 37. Nc5 Re7 38. b4 Rce8 39. Bd8 Re5 40. Bc7 R5e7 41. Bb6
e3 42. f3 g4 43. f4 h5 44. f5 Re5 45. Nd7 Nd5 46. Bd4 Nf4 47. Bxe5 Nxe2+ 48. Kf1
Nc3 0-1

[Event "49th Biel Master Open"]
[Site "Biel SUI"]
[Date "2016.08.02"]
[Round "8.14"]
[White "Karthikeyan, Murali"]
[Black "Donchenko, Alexander"]
[Result "0-1"]
[WhiteTitle "GM"]
[BlackTitle "GM"]
[WhiteElo "2513"]
[BlackElo "2583"]
[WhiteFideId "5074452"]
[BlackFideId "24603295"]
[EventDate "2016.07.25"]

1. e4 c5 2. Nf3 d6 3. d4 cxd4 4. Nxd4 Nf6 5. Nc3 a6 6. h3 e5 7. Nb3 Be7 8. g4 b5
9. g5 Nfd7 10. Nd5 O-O 11. h4 Nb6 12. f4 exf4 13. Bxf4 Nc6 14. Bg2 Ne5 15. Nd4
Nxd5 16. exd5 Qb6 17. Qd2 Bg4 18. b3 f6 19. Be3 fxg5 20. Nc6 Qc7 21. Nxe5 dxe5
22. d6 Bxd6 23. Bxa8 e4 24. Rf1 Bg3+ 25. Rf2 Kh8 26. Bd5 Qe5 27. Qd4 Rxf2 28.
Qxe5 Re2+ 29. Kf1 Bxe5 30. Re1 Rxe1+ 31. Kxe1 gxh4 32. Bxe4 Bc8 33. Kf2 h6 34.
c4 bxc4 35. bxc4 g5 36. c5 Kg7 37. c6 g4 38. a4 g3+ 39. Kg1 h3 40. a5 h5 0-1

[Event "49th Biel Master Open"]
[Site "Biel SUI"]
[Date "2016.08.02"]
[Round "8.15"]
[White "Poliakov, Artem"]
[Black "Balogh, Csaba"]
[Result "0-1"]
[BlackTitle "GM"]
[WhiteElo "2052"]
[BlackElo "2635"]
[WhiteFideId "24198536"]
[BlackFideId "718939"]
[EventDate "2016.07.25"]

1. d4 Nf6 2. c4 e6 3. Nc3 Bb4 4. e3 O-O 5. Ne2 c6 6. a3 Ba5 7. b4 Bc7 8. e4 d5
9. e5 Nfd7 10. c5 a5 11. Be3 f6 12. f4 axb4 13. axb4 Rxa1 14. Qxa1 Na6 15. Qb1
fxe5 16. fxe5 Nxe5 17. dxe5 Bxe5 18. Na2 Qf6 19. Ng3 Qh4 20. Bxa6 Bxg3+ 21. Kd1
bxa6 0-1

[Event "49th Biel Master Open"]
[Site "Biel SUI"]
[Date "2016.08.02"]
[Round "8.16"]
[White "Gozzoli, Yannick"]
[Black "Haimovich, Tal"]
[Result "1-0"]
[WhiteTitle "GM"]
[BlackTitle "IM"]
[WhiteElo "2571"]
[BlackElo "2383"]
[WhiteFideId "616915"]
[BlackFideId "2801698"]
[EventDate "2016.07.25"]

1. e4 e5 2. Nf3 Nc6 3. Bb5 a6 4. Ba4 Nf6 5. d3 b5 6. Bb3 Be7 7. O-O Bb7 8. Nc3
O-O 9. Re1 d6 10. a3 h6 11. Bd2 Re8 12. Nd5 Bf8 13. a4 Rb8 14. axb5 axb5 15. c3
Bc8 16. h3 Nxd5 17. Bxd5 Ne7 18. Bb3 c5 19. Nh2 Qc7 20. Qh5 c4 21. Bc2 Ng6 22.
d4 b4 23. d5 b3 24. Bd1 Bd7 25. g3 Ra8 26. Be2 Ra2 27. Rab1 Kh7 28. Ng4 Rc8 29.
Ne3 Ra4 30. Kh2 Qd8 31. Ra1 Rxa1 32. Rxa1 Bb5 33. Qf3 Kg8 34. Qh1 Be7 35. Ra7
Bg5 36. Qa1 Nf8 37. h4 Bxe3 38. Bxe3 Nd7 39. Qa3 Nf6 40. f3 Rb8 41. Bf1 Ne8 42.
Bh3 Kf8 43. Bf1 Qf6 44. Be2 Qd8 45. Qa1 Kg8 46. Qf1 Qc8 47. f4 Nf6 48. fxe5 dxe5
49. Re7 Qa6 50. Rxe5 Rc8 51. Bd4 Qa2 52. Qc1 Kf8 53. Rf5 Ng8 54. Bh5 Be8 55. Rf2
Qa5 56. Qf4 Rc7 57. Qg4 1-0

[Event "49th Biel Master Open"]
[Site "Biel SUI"]
[Date "2016.08.02"]
[Round "8.17"]
[White "Nitin, S."]
[Black "Kraemer, Martin"]
[Result "0-1"]
[WhiteTitle "IM"]
[BlackTitle "GM"]
[WhiteElo "2398"]
[BlackElo "2567"]
[WhiteFideId "5018277"]
[BlackFideId "4671910"]
[EventDate "2016.07.25"]

1. e4 c5 2. Nf3 d6 3. d4 cxd4 4. Qxd4 Nc6 5. Bb5 Nf6 6. O-O Bd7 7. Qd3 a6 8.
Bxc6 Bxc6 9. Nc3 e6 10. Nd4 Be7 11. Bg5 h6 12. Bxf6 Bxf6 13. Rad1 Rc8 14. Nce2
O-O 15. Nxc6 Rxc6 16. c3 Qa5 17. Qb1 b5 18. Nd4 Rc4 19. Nc2 Qb6 20. Ne3 Rc5 21.
Qd3 Rd8 22. Kh1 b4 23. cxb4 Qxb4 24. Qxa6 Qxe4 25. Rxd6 Ra8 26. Qb6 Rcc8 27. f3
Qa4 28. Ng4 Bd8 29. Qb7 h5 30. Ne5 Qf4 31. Qe4 Qxe4 32. fxe4 Bc7 33. Nxf7 Bxd6
34. Nxd6 Rc2 35. a3 Rd2 36. Nb5 Rf8 37. Rf3 Rxf3 38. gxf3 Rxb2 0-1

[Event "49th Biel Master Open"]
[Site "Biel SUI"]
[Date "2016.08.02"]
[Round "8.18"]
[White "Perske, Thore"]
[Black "Vernay, Clovis"]
[Result "1/2-1/2"]
[WhiteTitle "FM"]
[BlackTitle "IM"]
[WhiteElo "2383"]
[BlackElo "2507"]
[WhiteFideId "12902195"]
[BlackFideId "633046"]
[EventDate "2016.07.25"]

1. e4 e6 2. d4 d5 3. Nd2 Nf6 4. e5 Nfd7 5. c3 c5 6. f4 Nc6 7. Ndf3 Qb6 8. a3 a5
9. b3 Be7 10. h4 Rb8 11. Nh3 Qc7 12. a4 cxd4 13. cxd4 Nb4 14. Kf2 Ra8 15. Bd2
Nb8 16. Rc1 N8c6 17. Be3 Bd7 18. h5 h6 19. Qd2 Qb6 20. Bb5 Na6 21. Rb1 Rc8 22.
g4 Ncb4 23. Rhc1 Nc6 24. Qb2 Nc7 25. Be2 Qb4 26. Ra1 Qb6 27. Kg2 Na6 28. Bb5 Kd8
29. Nf2 Nab4 30. Ne1 Kc7 31. Ned3 Kb8 32. Nxb4 Bxb4 33. Nd3 Be7 34. Nc5 Rc7 35.
Rab1 Rhc8 36. b4 axb4 37. Bxc6 Bxc6 38. Qxb4 Qxb4 39. Rxb4 Ka7 40. a5 Ra8 41.
Rb6 Kb8 42. Bd2 Kc8 43. a6 Bxc5 44. Rxc5 Ra7 45. Bb4 Ba4 46. Ra5 Bd1 47. Kg3 Rc4
48. Bc5 Rxa6 49. Raxa6 bxa6 50. Rxa6 Rc3+ 51. Kh4 Rf3 52. Ra8+ Kd7 53. Ra7+ Ke8
54. Ra8+ Kd7 55. Ra7+ Ke8 56. Ra8+ 1/2-1/2

[Event "49th Biel Master Open"]
[Site "Biel SUI"]
[Date "2016.08.02"]
[Round "8.19"]
[White "Bellaiche, Anthony"]
[Black "Kambrath, Yannick"]
[Result "1-0"]
[WhiteTitle "IM"]
[BlackTitle "FM"]
[WhiteElo "2499"]
[BlackElo "2376"]
[WhiteFideId "615668"]
[BlackFideId "20632525"]
[EventDate "2016.07.25"]

1. d4 Nf6 2. c4 e6 3. Nf3 d5 4. Nc3 Bb4 5. cxd5 exd5 6. Bg5 Nbd7 7. Rc1 c6 8. e3
Qa5 9. Bd3 Ne4 10. O-O Nxg5 11. Nxg5 Nf6 12. Qc2 h6 13. Nf3 Bd6 14. h3 O-O 15.
Ne5 a6 16. a3 c5 17. f4 cxd4 18. exd4 b5 19. Ne2 Bb7 20. Ng3 Rac8 21. Qe2 Rxc1
22. Rxc1 Rc8 23. Re1 Qb6 24. Qe3 Bf8 25. Kh2 Re8 26. Rc1 Rc8 27. Rd1 Re8 28. Qf3
Rd8 29. Bb1 b4 30. axb4 Bxb4 31. Bf5 Bf8 32. Rc1 Qd6 33. Qb3 Ba8 34. Bc8 Qb4 35.
Qxb4 Bxb4 36. Rc2 a5 37. Nf5 Ne8 38. Nd7 Nd6 39. Nb6 Nxc8 40. Nxc8 Bb7 41. Nce7+
Kf8 42. Rc7 Ba8 43. Nc8 Bb7 44. Nb6 Ba6 45. Nd7+ Kg8 46. Ne5 Rf8 47. b3 Be2 48.
g4 Bd1 49. g5 Bd2 50. gxh6 Bxf4+ 51. Kg2 gxh6 52. Rb7 Bc2 53. Ne7+ Kg7 54. Kf3
Bxe5 55. dxe5 d4 56. Nc6 d3 57. Ke3 Re8 58. Kd2 Re6 59. Nxa5 Rxe5 60. Nc4 Rh5
61. b4 Rxh3 62. b5 Bb3 63. Ne3 Ba4 64. b6 Bb5 65. Rxf7+ Kxf7 66. b7 Rh2+ 67. Kc3
Re2 68. b8=Q Rxe3 69. Qf4+ 1-0

[Event "49th Biel Master Open"]
[Site "Biel SUI"]
[Date "2016.08.02"]
[Round "8.20"]
[White "Baskin, Robert"]
[Black "Bellahcene, Bilel"]
[Result "0-1"]
[WhiteTitle "FM"]
[BlackTitle "IM"]
[WhiteElo "2375"]
[BlackElo "2498"]
[WhiteFideId "24662402"]
[BlackFideId "696358"]
[EventDate "2016.07.25"]

1. e4 c5 2. Nf3 Nc6 3. d4 cxd4 4. Nxd4 Nf6 5. Nc3 e5 6. Ndb5 d6 7. Bg5 a6 8. Na3
Be6 9. Nc4 Rc8 10. Nd5 Bxd5 11. exd5 Ne7 12. Bxf6 gxf6 13. Qd2 f5 14. Qb4 Nxd5
15. Qxb7 Nf6 16. O-O-O Ne4 17. Nxe5 Bh6+ 18. Kb1 Rc7 19. Qb6 O-O 20. Nf3 Bg7 21.
Bxa6 Rxc2 22. Qxd8 Rxb2+ 23. Kc1 Rxd8 24. Rhe1 Rxa2 0-1

[Event "49th Biel Master Open"]
[Site "Biel SUI"]
[Date "2016.08.02"]
[Round "8.21"]
[White "Stany, G.A."]
[Black "Teh, Eu Wen Aron"]
[Result "1-0"]
[WhiteTitle "IM"]
[BlackTitle "FM"]
[WhiteElo "2476"]
[BlackElo "2328"]
[WhiteFideId "5029104"]
[BlackFideId "5704723"]
[EventDate "2016.07.25"]

1. e4 e5 2. Nf3 Nc6 3. Bb5 Nf6 4. d3 Bc5 5. O-O d6 6. c3 O-O 7. Nbd2 a6 8. Ba4
Re8 9. Re1 Ba7 10. Nf1 b5 11. Bb3 h6 12. a4 Be6 13. Be3 Qd7 14. Bc2 Bxe3 15.
Nxe3 Ng4 16. Nf1 d5 17. axb5 axb5 18. Rxa8 Rxa8 19. exd5 Bxd5 20. h3 Nf6 21.
Nxe5 Nxe5 22. Rxe5 Ra2 23. Bb3 Ra8 24. Bxd5 Nxd5 25. d4 c6 26. Ne3 Nxe3 27. Rxe3
Qf5 28. Re5 Qf4 29. g3 Qf6 30. Kg2 g6 31. Qf3 Qd6 32. Rc5 Ra6 33. b4 h5 34. d5
cxd5 35. Rxb5 Rc6 36. Rxd5 Qc7 37. Rd8+ Kg7 38. Qd5 Rf6 39. Qd4 Qc6+ 40. Rd5 Qe6
41. b5 Qe2 42. Rd6 Qf3+ 43. Kg1 1-0